आर.गुप्ता कृत पॉपुलर मास्टर गाइड एल.आई.सी असिस्टेंट : (Record no. 18574)

MARC details
000 -LEADER
fixed length control field 01460nam a22002417a 4500
005 - DATE AND TIME OF LATEST TRANSACTION
control field 20081117123210.0
008 - FIXED-LENGTH DATA ELEMENTS--GENERAL INFORMATION
fixed length control field 081117t xxu||||| |||| 00| 0 hin d
010 ## - LCCN (DPL NO)
LC control number HIN-85030
020 ## - INTERNATIONAL STANDARD BOOK NUMBER
Terms of availability 130.00
International Standard Book Number 9788178124483
035 ## - SYSTEM CONTROL NUMBER
System control number HN-57376
037 ## - SOURCE OF ACQUISITION
Source of stock number/acquisition DBAD / PUB
040 ## - CATALOGING SOURCE
Original cataloging agency DPL
Language of cataloging HN
082 ## - DEWEY DECIMAL CLASSIFICATION NUMBER
Classification number 000
245 ## - TITLE STATEMENT
Title आर.गुप्ता कृत पॉपुलर मास्टर गाइड एल.आई.सी असिस्टेंट :
Remainder of title असिस्टेंट(क्लर्क)/असिस्टेंट(टाइपिस्ट)/स्टेनोपरीक्षा /
246 ## - VARYING FORM OF TITLE
Title proper/short title R.Gupta krita popular master guide LIC - Assistant
260 ## - PUBLICATION, DISTRIBUTION, ETC. (IMPRINT)
Place of publication, distribution, etc नई दिल्ली
Name of publisher, distributor, etc रमेश पब्लिशिंग हाऊस
Date of publication, distribution, etc 2009
270 ## - ADDRESS
Address 12-H,न्यू दरियागंज रोड़ ट्रैफिक कोतवाली के सामने
City नई दिल्ली
Postal code 110002
Telephone number 011-23261567, 23275224
Electronic mail address info@rameshpublishinghouse.com
300 ## - PHYSICAL DESCRIPTION
Extent वि.पृ.
Dimensions 22सेमी (अजिल्द)
650 ## - SUBJECT ADDED ENTRY--TOPICAL TERM
Topical term or geographic name as entry element सामान्य ज्ञान
General subdivision परीक्षायें
-- अध्ययन गाइड
650 ## - SUBJECT ADDED ENTRY--TOPICAL TERM
Topical term or geographic name as entry element General knowledge
General subdivision Examinations
-- Study guides
942 ## - ADDED ENTRY ELEMENTS (KOHA)
Source of classification or shelving scheme Dewey Decimal Classification
Item type Hindi Books
Call number suffix आरगु
Classification part 000
Holdings
Withdrawn status Lost status Source of classification or shelving scheme Damaged status Not for loan Home library Current library Date acquired Cost, normal purchase price Total Checkouts Full call number Barcode Date last seen Copy number Cost, replacement price Koha item type
    Dewey Decimal Classification   Not For Loan D.B.Act.Division D.B.Act.Division 01/12/2008 130.00   000 आरगु HN-57376 18/11/2008 1 130.00 Hindi Books

© Delhi Public Library
Hit Counter
free hit counter